000
00281nam a2200121Ia 4500
008
241002s9999 xx 000 0 und d
082
_a
808.2 MAR
100
_a
Marriott, J.W.
245
0
_a
One Act Plays of to day
260
_a
London:
_c
1953
600
_a
Literature
942
_c
UC
999
_c
19025
_d
19025